000 01252nam a2200229Ia 4500
003 Ost
005 20260507075804.0
008 260507s9999||||xx |||||||||||||| ||und||
020 _a997223145X
040 _cfsecg
041 _aara
082 _a657
100 _aالبشبيشي، حلمي عبد الفتاح
_eمؤلف
245 0 _aبحوث العمليات في المحاسبة (ك16) /
_c حلمي عبد الفتاح البشبيشي
260 _aالقاهرة:
_bمطبعة مركز التعليم المفتوح,
_c1993
300 _a508 صفحة؛
_bإيضاحات ؛
_c24 سم
520 _aالاطار العام لبحوث العمليات، نموذج البرمجة الخطية، استخدام الطريقة البيانية في حل نموذج البرمجة الخطية، استخدام نموذج البرمجة الخطية في تدنية التكاليف، النموذج الثنائي الخطي وأسعار ظل الموارد الاقتصاديةحالات و مشاكل خاصة في البرمجة الخطية
653 _aالبرمجة الخطية
653 _aالمحاسبة
700 _aاسماعيل، طه الطاهر ابراهيم وآخرون
_eمؤلف ثانوي
942 _cكتاب
999 _c46372
_d46372